<?xml version="1.0" encoding="UTF-8"?>
<record
    xmlns:xsi="http://www.w3.org/2001/XMLSchema-instance"
    xsi:schemaLocation="http://www.loc.gov/MARC21/slim http://www.loc.gov/standards/marcxml/schema/MARC21slim.xsd"
    xmlns="http://www.loc.gov/MARC21/slim">

  <leader>00798nam a22002297a 4500</leader>
  <controlfield tag="001">7045</controlfield>
  <controlfield tag="003">FISKH</controlfield>
  <controlfield tag="005">20250619110145.0</controlfield>
  <controlfield tag="008">250619b        cb ||||| |||| 00| 0 eng d</controlfield>
  <datafield tag="020" ind1=" " ind2=" ">
    <subfield code="a">9780721410203</subfield>
  </datafield>
  <datafield tag="040" ind1=" " ind2=" ">
    <subfield code="a">FISKH</subfield>
    <subfield code="b">eng</subfield>
    <subfield code="c">FISKH</subfield>
    <subfield code="d">FISKH</subfield>
  </datafield>
  <datafield tag="050" ind1=" " ind2=" ">
    <subfield code="a">PZ7.P85 T</subfield>
  </datafield>
  <datafield tag="082" ind1=" " ind2=" ">
    <subfield code="a">823.912 </subfield>
  </datafield>
  <datafield tag="100" ind1=" " ind2=" ">
    <subfield code="a">Hately, David </subfield>
  </datafield>
  <datafield tag="245" ind1=" " ind2=" ">
    <subfield code="a">The tale of squirrel Nutkin :</subfield>
    <subfield code="b">Base on the original story by Beatrix Potter /</subfield>
  </datafield>
  <datafield tag="260" ind1=" " ind2=" ">
    <subfield code="a">Loughborougt : </subfield>
    <subfield code="b">Ladybird Book, </subfield>
    <subfield code="c">1987.</subfield>
  </datafield>
  <datafield tag="300" ind1=" " ind2=" ">
    <subfield code="a">26 pages : </subfield>
    <subfield code="b">color illustrations ; </subfield>
    <subfield code="c">18 cm</subfield>
  </datafield>
  <datafield tag="520" ind1=" " ind2=" ">
    <subfield code="a">Squirrel Nutkin would rather ask an old owl riddles than gather nuts with the other squirrels.</subfield>
  </datafield>
  <datafield tag="650" ind1=" " ind2=" ">
    <subfield code="a">Classic Animal Tale    </subfield>
    <subfield code="v">English Countryside  </subfield>
    <subfield code="x">Mischief &amp; Morality</subfield>
    <subfield code="y">Respect &amp; Consequences</subfield>
  </datafield>
  <datafield tag="942" ind1=" " ind2=" ">
    <subfield code="2">ddc</subfield>
    <subfield code="c">BK</subfield>
    <subfield code="n">0</subfield>
  </datafield>
  <datafield tag="999" ind1=" " ind2=" ">
    <subfield code="c">7045</subfield>
    <subfield code="d">7045</subfield>
  </datafield>
  <datafield tag="952" ind1=" " ind2=" ">
    <subfield code="0">0</subfield>
    <subfield code="1">0</subfield>
    <subfield code="2">ddc</subfield>
    <subfield code="4">0</subfield>
    <subfield code="7">0</subfield>
    <subfield code="8">JUVF</subfield>
    <subfield code="a">001</subfield>
    <subfield code="b">001</subfield>
    <subfield code="c">ATKSF</subfield>
    <subfield code="d">2025-06-19</subfield>
    <subfield code="l">0</subfield>
    <subfield code="o">HAT 823.912 PZ7.P85 T</subfield>
    <subfield code="p">FISTK03944</subfield>
    <subfield code="r">2025-06-19 11:01:42</subfield>
    <subfield code="t">1</subfield>
    <subfield code="w">2025-06-19</subfield>
    <subfield code="y">BK</subfield>
  </datafield>
</record>
